01085nam a2200253 a 4500008004100000020001500041050001500056100001800071245008500089246004900174260003400223300002300257350000900280490007200289650003100361650002100392700002600413700002000439856005400459856006200513995010900575999001700684952013000701060316s1993 ||||||||||||||||| || u a0070632375 aTD 791 Tch aVigil, Samuel10aIntegrated solid waste management : engineering principles and management issues aengineering principles and management issues aNew York :bMcGraw-Hillc1993 axxi, 978 p. : ill. a0.00 aMcGraw-Hill series in water resources and environmental engineering aREFUSE AND REFUSE DISPOSAL aHAZARDOUS WASTES aTchobanoglous, George aTheisen, Hilary uhttp://www.loc.gov/catdir/toc/mh021/92035582.html uhttp://www.loc.gov/catdir/description/mh022/92035582.html D0.00FCBU-MAIN LIBRARY (Kitwe)H1I30.00M1UAVAILABLEWJul 6, 2006ZMain Library Open Access Collection c47146d47146 00102lcc4070a001b001cMain Library Open Access Collectiond2022-11-30l0oTD 791 Tchp40560r2022-11-30w2022-11-30y002